000 00758nam a2200253 a 4500
008
020 _a155009324X (pbk.)
049 _aMAIN
090 _aRA644.M2
_bSCH
100 1 _aSchlagenhauf-Lawlor, Patricia.
245 1 0 _aPDQ travellers' malaria /
_cPatricia Schlagenhaur-Lawlor, Maia Funk-Baumann.
260 _aHamilton :
_bBC Decker Inc.,
_c2005.
300 _a210 p. :
_bill. ;
_c22 cm+CD Rom.
440 _aPDQ*Series.
500 _aIncludes Index.
504 _aIncludes bibliographical references.
650 1 _aMalaria.
700 _aBaumann, Maia Funk.
907 _a.b10261850
_b19-10-09
_c01-04-09
003
005 20230120204012.0
040 _cNUST
942 _cBOOKS
_kRA644.M2
_mSCH
999 _c115362
_d115362